[Event "AUTO-OPEN-1248"]
[Site "http://www.queenalice.com/game.php?id=456672"]
[Date "2008.9.1"]
[Round "1"]
[White "Romulo_Galter"]
[Black "yclaudiu35"]
[Result "0-1"]
[WhiteElo "1332"]
[BlackElo "1788"]

1. e4 e5 2. Bb5 Nf6 3. Nf3 Nxe4 4. Qe2 Nd6 5. Ba4 Qf6 6. Bb3 Nc6 7. a3 h6 8. c3
Be7 9. d4 exd4 10. Nxd4 Nxd4 11. cxd4 Qxd4 12. O-O Qe4 13. Qf3 Qxf3 14. gxf3 O-O
15. Re1 Bf6 16. a4 Nf5 17. Nd2 Nh4 18. f4 d6 19. f3 Bd4+ 20. Kh1 Bh3 21. Re2
Rfe8 22. Bc4 Rxe2 23. Bxe2 Bg2# 0-1

[Event "AUTO-INT-1021"]
[Site "http://www.queenalice.com/game.php?id=456825"]
[Date "2008.9.1"]
[Round "1"]
[White "rvc22"]
[Black "Romulo_Galter"]
[Result "0-1"]
[WhiteElo "1435"]
[BlackElo "1341"]

1. Nf3 e6 2. Ne5 Bc5 3. d4 Bb6 4. Nc3 d6 5. Nf3 Qf6 6. e3 g5 7. Bb5+ c6 8. Ba4
Bd7 9. h4 h6 10. hxg5 hxg5 11. Rxh8 Qxh8 12. e4 f6 13. d5 Qh1+ 14. Ke2 Qxg2 15.
Qg1 Qh3 16. Bxg5 e5 17. Qg3 Qh7 0-1

[Event "AUTO-INT-1021"]
[Site "http://www.queenalice.com/game.php?id=456826"]
[Date "2008.9.1"]
[Round "1"]
[White "Romulo_Galter"]
[Black "rvc22"]
[Result "1-0"]
[WhiteElo "1325"]
[BlackElo "1479"]

1. e4 e5 2. Nf3 Nc6 3. Bc4 f6 4. Nc3 Bb4 5. Nd5 Nge7 6. c3 Bd6 7. Nh4 Nxd5 8.
Bxd5 g5 9. Nf5 h5 10. Qb3 g4 11. h3 Rb8 12. Bg8 Rxg8 13. Qxg8+ Bf8 14. hxg4 Ne7
15. Ng7# 1-0

[Event "AUTO-INT-1021"]
[Site "http://www.queenalice.com/game.php?id=456839"]
[Date "2008.9.1"]
[Round "1"]
[White "arnelsr"]
[Black "Romulo_Galter"]
[Result "1-0"]
[WhiteElo "1615"]
[BlackElo "1330"]

1. e4 e5 2. Nf3 Qf6 3. Bc4 h6 4. O-O h5 5. d4 exd4 6. Nxd4 Ne7 7. Nc3 g5 8. f4
g4 9. Qd3 h4 10. e5 Qg7 11. Bd2 a6 12. Rae1 c5 13. Nf5 Qg6 14. Nd6+ Kd8 15. Nce4
Rh7 16. Ba5+ b6 17. Bxb6# 1-0

[Event "AUTO-INT-1021"]
[Site "http://www.queenalice.com/game.php?id=456840"]
[Date "2008.9.1"]
[Round "1"]
[White "Romulo_Galter"]
[Black "arnelsr"]
[Result "0-1"]
[WhiteElo "1349"]
[BlackElo "1603"]

1. e4 e5 2. c3 Nf6 3. d4 d6 4. Bc4 Be7 5. Qf3 Bg4 6. Qe3 O-O 7. h3 Bh5 8. g4 Bg6
9. g5 Nxe4 10. Nf3 exd4 11. cxd4 d5 12. Bb3 Nc6 13. Bd2 Re8 14. h4 Nxd2 15.
Nfxd2 Bb4 16. Qxe8+ Qxe8+ 17. Kd1 Nxd4 18. Bxd5 Rd8 19. Re1 Bc2+ 20. Kc1 Qxe1#
0-1

[Event "Challenge"]
[Site "http://www.queenalice.com/game.php?id=494999"]
[Date "2008.11.18"]
[Round "-"]
[White "RobertoAllan"]
[Black "Romulo_Galter"]
[Result "0-1"]
[WhiteElo "1116"]
[BlackElo "1336"]

1. e4 Nf6 2. Nc3 e5 3. Bc4 Bc5 4. Nf3 d6 5. d3 Bg4 6. h3 Bh5 7. O-O Nc6 8. Bg5
h6 9. Bh4 Qd7 10. Qd2 a6 11. Bxf6 gxf6 12. Nd5 Qd8 13. Nh4 b5 14. Bb3 Nd4 15.
Nf5 Nxf5 16. Qa5 Bb6 17. Qc3 Nh4 18. Qc6+ Kf8 19. Rae1 Rg8 20. Nc3 Nxg2 21. Kh1
Bf3 0-1

[Event "AUTO-INT-1165"]
[Site "http://www.queenalice.com/game.php?id=520520"]
[Date "2009.1.10"]
[Round "1"]
[White "vulture"]
[Black "Romulo_Galter"]
[Result "1-0"]
[WhiteElo "1523"]
[BlackElo "1353"]

1. e4 e5 2. Nf3 Qf6 3. d4 h6 4. Nc3 d6 5. Nd5 Qe6 6. Bc4 Qd7 7. O-O b5 8. Bb3 c6
9. Ne3 Ba6 10. c3 g5 11. Bd2 1-0

[Event "AUTO-INT-1165"]
[Site "http://www.queenalice.com/game.php?id=520521"]
[Date "2009.1.10"]
[Round "1"]
[White "Romulo_Galter"]
[Black "vulture"]
[Result "0-1"]
[WhiteElo "1344"]
[BlackElo "1532"]

1. d4 d5 2. e3 Nf6 3. Nf3 c6 4. h3 e6 5. Bd3 Bd6 6. Ng5 O-O 7. h4 e5 8. dxe5
Bxe5 9. f4 Bd6 10. h5 Bg4 0-1

[Event "AUTO-INT-1165"]
[Site "http://www.queenalice.com/game.php?id=520542"]
[Date "2009.1.10"]
[Round "1"]
[White "tsuki"]
[Black "Romulo_Galter"]
[Result "1-0"]
[WhiteElo "1612"]
[BlackElo "1355"]

1. e4 e5 2. Nf3 Qf6 3. Bc4 Bc5 4. O-O a6 5. d3 h6 6. Nc3 c6 7. a3 g5 8. Ne2 h5
9. Bxg5 Qg7 10. Nc3 f6 11. Bh4 Qg6 12. d4 1-0

[Event "AUTO-INT-1165"]
[Site "http://www.queenalice.com/game.php?id=520543"]
[Date "2009.1.10"]
[Round "1"]
[White "Romulo_Galter"]
[Black "tsuki"]
[Result "0-1"]
[WhiteElo "1361"]
[BlackElo "1606"]

1. e4 e5 2. Qf3 Nf6 3. Bc4 Nc6 4. Nc3 d6 5. Nd5 Nd4 6. Qc3 Nxe4 7. Qb3 Nxb3 8.
axb3 c6 9. Ne3 d5 10. Bd3 Nc5 11. Be2 d4 0-1

[Event "Challenge"]
[Site "http://www.queenalice.com/game.php?id=687065"]
[Date "2009.11.22"]
[Round "-"]
[White "Romulo_Galter"]
[Black "FENIX_RJ"]
[Result "0-1"]
[WhiteElo "1280"]
[BlackElo "1445"]

1. e3 d5 2. Qf3 Nf6 3. Nc3 Bg4 4. Bb5+ c6 5. Bxc6+ Nbd7 6. Qf4 bxc6 7. h3 Nh5 8.
Qxg4 g6 9. b3 Ne5 10. Qd4 Bg7 11. Qa4 O-O 12. d4 Nd7 13. Qxc6 Nb6 14. Nf3 Rc8
15. Qb7 Rc7 16. Qa6 Rxc3 17. O-O Qc7 18. Ba3 Re8 0-1